000 00618cam a22002291a 4500
001 18955
003 BD-RjUL
005 20211209000349.0
008 140222s1957 enk 000 0 eng d
035 _a(BD-RjUL)19013
035 _a(BD-RjUL)
040 _aANL
_beng
_cANL
_dNU
041 _aeng
082 _a823.7
_bLOL 1957
100 1 _aLockhart, John Gibson,
_d1794-1854
_958449
245 1 4 _aThe life of Sir Walter Scott /
_cintrod. by W. M. Parker.
260 _aLondon :
_bDent,
_c[1957].
300 _a675 p. ;
_c20 cm.
504 _aincludes index
942 _2ddc
_cBK
999 _c18955
_d18955